[Event "Saanen"]
[Site "Saanen"]
[Date "1994.??.??"]
[Round "2"]
[White "Forster, Richard"]
[Black "Siebrecht, Sebastian"]
[Result "0-1"]
[WhiteElo "2330"]
[BlackElo "2360"]

1.e4 g6 2.d4 Bg7 3.Nc3 c6 4.Be3 d6 5.Qd2 b5 6.f3 a6 7.g4 Nd7 8.Nge2 Nb6 9.Ng3 Nc4
10.Bxc4 bxc4 11.Nce2 a5 12.O-O-O Qb6 13.c3 Rb8 14.h4 a4 15.a3 Qb3 16.h5 Nf6
17.hxg6 fxg6 18.Qc2 O-O 19.Bh6 Nd7 20.Bxg7 Qxc2+ 21.Kxc2 Kxg7 22.Ng1 c5 23.Nf1 Ba6
24.Ne3 Rb3 25.Nd5 Rfb8 26.Rb1 cxd4 27.cxd4 c3 28.Nxc3 Nb6 29.Nh3 Nc4 30.Ng5 Rxb2+
31.Rxb2 Rxb2+ 32.Kc1 h6 33.Ne6+ Kf7 34.Nc7 Rb3 35.N3d5 Nxa3 36.Rxh6 Bd3 37.Kd1 Nc4
38.Ke1 a3 39.Rh7+ Kg8 40.Rxe7 a2 41.Ne6  0-1

[Event "Saanen"]
[Site "Saanen"]
[Date "1994.??.??"]
[Round "4"]
[White "Kogan, Artur"]
[Black "Siebrecht, Sebastian"]
[Result "1-0"]
[WhiteElo "2415"]
[BlackElo "2360"]

1.e4 g6 2.d4 Bg7 3.Nc3 c6 4.Bc4 d6 5.Qf3 e6 6.Nge2 Nd7 7.a4 Qe7 8.h4 Ngf6
9.a5 e5 10.d5 O-O 11.Ng3 b5 12.Ba2 b4 13.dxc6 bxc3 14.cxd7 cxb2 15.Bxb2 Ba6
16.h5 Qxd7 17.O-O-O Rfc8 18.h6 Bh8 19.Ba3 Bc4 20.Nf5 Bxa2 21.Rxd6 Qb7 22.Rb6 axb6
23.Ne7+ Qxe7 24.Bxe7 Ne8 25.axb6 Rab8 26.Qa3 Be6 27.Qa7 Ra8 28.Qb7 Rcb8 29.Qc6 Rc8
30.b7 Ra1+ 31.Kd2 Rxc6 32.b8=Q Rc8 33.Qxc8 Bxc8 34.Rxa1 f5 35.Ra7 Be6 36.Bh4 Bf6
37.exf5 Bxf5 38.Bxf6 Nxf6 39.f3 e4 40.g4 Bxg4 41.fxg4 Nxg4 42.c4 Nxh6 43.c5 Nf5
44.c6 e3+ 45.Ke1 Kf8 46.Rxh7 Ke8 47.Rh8+  1-0

[Event "Sala op"]
[Site "Sala"]
[Date "1994.??.??"]
[Round "5"]
[White "Golod Ratner, A."]
[Black "Safranska, Anda"]
[Result "1-0"]
[WhiteElo "2080"]
[BlackElo "2345"]

1.e4 g6 2.d4 Bg7 3.Nc3 c6 4.Be3 d5 5.e5 f6 6.f4 Nh6 7.Be2 O-O 8.Qd2 Nf5 9.Bf2 fxe5
10.dxe5 e6 11.Nf3 b6 12.g4 Ne7 13.h4 c5 14.h5 Nbc6 15.hxg6 Nxg6 16.Bg3 Nce7
17.Nh4 Bb7 18.Nxg6 hxg6 19.Nb5 d4 20.Rh2 Bd5 21.O-O-O a6 22.Nd6 Nc8 23.Bh4 Qd7
24.Nxc8 Raxc8 25.Qd3 Qf7 26.Bg5 b5 27.Qh3 Qb7 28.Qh7+ Kf7 29.f5 exf5 30.gxf5 gxf5
31.Qxf5+ Kg8 32.Qh7+ Kf7 33.Bh5+ Ke6 34.Bg4+ Kxe5 35.Re1+ Be4 36.Bxc8 Rxc8
37.Rh4  1-0

[Event "San Martin"]
[Site "San Martin"]
[Date "1994.??.??"]
[Round "6"]
[White "Sorokin, Maxim"]
[Black "Slipak, Sergio"]
[Result "1-0"]
[WhiteElo "2520"]
[BlackElo "2460"]

1.d4 g6 2.e4 Bg7 3.Nc3 c6 4.Bc4 d6 5.Nf3 Nf6 6.O-O O-O 7.e5 Ne8 8.h3 b5 9.Bb3 Bb7
10.Re1 a5 11.a4 b4 12.Ne4 Na6 13.e6 f6 14.h4 Nec7 15.h5 Qe8 16.hxg6 hxg6
17.Nh4 Bc8 18.Ng3 f5 19.Nf3 d5 20.Bf4 Nxe6 21.Qd2 Nac7 22.c4 bxc3 23.bxc3 Nxf4
24.Qxf4 Ne6 25.Qd2 f4 26.Nf1 Rf5 27.c4 Nf8 28.cxd5 cxd5 29.g4 Rf6 30.Bxd5+ Be6
31.Rxe6 Nxe6 32.Bxe6+ Kh8 33.Qa2 Rd8 34.g5 Rf8 35.Qb3 Rb8 36.Qd3 Rb6 37.Re1 Qa8
38.Nh4  1-0

[Event "Schwaebisch Gmuend op"]
[Site "Schwaebisch Gmuend"]
[Date "1994.??.??"]
[Round "2"]
[White "Galdunts, Sergey"]
[Black "Boehm, H."]
[Result "1-0"]
[WhiteElo "2420"]
[BlackElo "2225"]

1.e4 g6 2.d4 Bg7 3.Nc3 c6 4.f4 d5 5.e5 h5 6.Be3 Nh6 7.Nf3 Bg4 8.h3 Bxf3 9.Qxf3 h4
10.e6 fxe6 11.g4 Nd7 12.Bd3 Nf8 13.O-O-O Nf7 14.Kb1 Nd6 15.Na4 Bf6 16.Rhe1 b6
17.c4 Qd7 18.c5 b5 19.Nc3 Nf7 20.g5 Bg7 21.Ne2 O-O-O 22.Ng1 Re8 23.Qf2 Nd8
24.Nf3 e5 25.dxe5 Qxh3 26.Rh1 Qd7 27.Nxh4 Nde6 28.Qg3 Qc7 29.Nxg6 Rxh1 30.Rxh1 d4
31.Bf5 dxe3 32.Nxf8 Rxf8 33.Bxe6+ Kb7 34.Qxe3 Rd8 35.a3 Qa5  1-0

[Event "Schwaebisch Gmuend op"]
[Site "Schwaebisch Gmuend"]
[Date "1994.??.??"]
[Round "4"]
[White "Galdunts, Sergey"]
[Black "Riebe, Toralf"]
[Result "1-0"]
[WhiteElo "2420"]
[BlackElo "2360"]

1.e4 g6 2.d4 Bg7 3.Nc3 c6 4.Nf3 d5 5.h3 Nf6 6.Bd3 dxe4 7.Nxe4 Nxe4 8.Bxe4 O-O
9.O-O Nd7 10.c4 c5 11.Be3 cxd4 12.Nxd4 a6 13.Qe2 Qc7 14.Rac1 Nc5 15.Bd5 e6
16.Bf3 e5 17.Nb5 axb5 18.cxb5 e4 19.Bxe4 Qe5 20.Bxc5 Re8 21.Rfe1 Rxa2 22.Ba3 Bf5
23.Bxf5  1-0

[Event "Schwaebisch Gmuend op"]
[Site "Schwaebisch Gmuend"]
[Date "1994.??.??"]
[Round "6"]
[White "Link, Michael"]
[Black "Haessler, Carl"]
[Result "1-0"]
[WhiteElo "2290"]
[BlackElo "2235"]

1.e4 g6 2.d4 Bg7 3.Nc3 c6 4.Nf3 d6 5.Bc4 Nh6 6.h3 b5 7.Nxb5 d5 8.Bb3 dxe4
9.Ne5 cxb5 10.Bxh6 Bxh6 11.Nxf7 Qa5+ 12.c3 Bg7 13.Nxh8 e6 14.Qg4 Qb6 15.Nxg6 hxg6
16.Qxe4 Nc6 17.O-O  1-0

[Event "Schwaebisch Gmuend op"]
[Site "Schwaebisch Gmuend"]
[Date "1994.??.??"]
[Round "7"]
[White "Golubev, Mihail"]
[Black "Reschke, Stefan"]
[Result "1-0"]
[WhiteElo "2560"]
[BlackElo "2390"]

1.e4 g6 2.d4 Bg7 3.Nc3 c6 4.Nf3 d5 5.h3 Nf6 6.e5 Ne4 7.Nxe4 dxe4 8.Ng5 c5
9.dxc5 Qa5+ 10.c3 Qxc5 11.Bf4 Nc6 12.Qb3 O-O 13.Bc4 Na5 14.Bxf7+ Kh8 15.Qc2 h6
16.h4 Nc6 17.h5 Nb4 18.Qxe4 Qc6 19.Qxb4 Qxg2 20.O-O-O Bf5 21.Bd5 Qxf2 22.Rd2  1-0

[Event "SCO-chT1"]
[Site "?"]
[Date "1994.??.??"]
[Round "?"]
[White "Thomas, Nicholas"]
[Black "Gillam, Simon R"]
[Result "1/2-1/2"]
[WhiteElo "2245"]
[BlackElo "2235"]

1.e4 g6 2.d4 Bg7 3.Nc3 c6 4.Nf3 d5 5.Bd3 Bg4 6.e5 e6 7.h3 Bxf3 8.Qxf3 Nd7
9.O-O a6 10.Ne2 c5 11.c3 Ne7 12.b4 cxd4 13.cxd4 Nc6 14.b5 Ncxe5 15.dxe5 Nxe5
16.Qg3 Nxd3 17.Bg5 f6 18.Qxd3 fxg5 19.Nd4 Bxd4 20.Qxd4 O-O 21.Rae1 Qf6 22.Qb6 axb5
23.Rxe6 Qf7 24.Qe3 d4 25.Qb3 d3 26.Rd1 Rfd8 27.Rb6 Rxa2 28.Qxf7+ Kxf7 29.Rxb7+ Kf6
30.Rxb5 Rc2 31.Rb3 d2 32.Kf1 Rc4 33.Rb2 Rcd4 34.Ke2 g4 35.hxg4 Rxg4 36.g3 Re4+
37.Kf3 Red4 38.Ke3 Kf5 39.f3 h5 40.Rbxd2 Rxd2 41.Rxd2 Rxd2 42.Kxd2 g5 43.Ke2 h4
44.gxh4 gxh4 45.Kf2 Kf4  1/2-1/2

[Event "Wch U26"]
[Site "Sofia"]
[Date "1994.??.??"]
[Round "5"]
[White "Tzermiadianos, Angelos"]
[Black "Sichinava, Roman"]
[Result "0-1"]
[WhiteElo "2220"]
[BlackElo "2380"]

1.e4 g6 2.d4 Bg7 3.Nc3 c6 4.f4 d5 5.e5 h5 6.Nf3 Nh6 7.Be3 Bg4 8.h3 Nf5 9.Bf2 Bxf3
10.Qxf3 h4 11.Bd3 e6 12.O-O Bf8 13.Ne2 Qb6 14.b3 Ba3 15.Rab1 a5 16.c4 Na6
17.Bxf5 gxf5 18.b4 Bxb4 19.a3 dxc4 20.axb4 axb4 21.d5 Qc7 22.dxc6 Qxc6 23.Qxc6+ bxc6
24.Rfc1 c3 25.Ra1 O-O 26.Bxh4 Rfe8 27.Bf2 Nc7 28.Rxa8 Rxa8 29.Nxc3 bxc3 30.Rxc3 Nd5
31.Rc4 Ra3 32.g3 Ra6 33.Kg2 Kg7 34.Rc2 Kg6 35.Bd4 Kh5 36.Kf3 Ra4 37.Bf2 Ra3+
38.Kg2 Nc3 39.Be1 Ne4 40.Rxc6 Ra1 41.Bb4 Rb1 42.Be7 Rb2+ 43.Kg1 Rb3 44.Rc8 Rxg3+
45.Kh2 Rf3 46.Rh8+ Kg6 47.Bg5 Nxg5 48.Rg8+ Kh7 49.Rxg5 Rxf4  0-1

[Event "Wch U26"]
[Site "Sofia"]
[Date "1994.??.??"]
[Round "7"]
[White "Ninov, Nikolai"]
[Black "Sichinava, Roman"]
[Result "1/2-1/2"]
[WhiteElo "2415"]
[BlackElo "2380"]

1.e4 g6 2.d4 Bg7 3.Nc3 c6 4.Nf3 d6 5.Bc4 Nf6 6.e5 dxe5 7.dxe5 Qxd1+ 8.Nxd1 Nd5
9.Ne3 Be6 10.Nd4 Nxe3 11.Nxe6 Nxg2+ 12.Kf1 fxe6 13.Kxg2 Bxe5 14.Re1 Bf6 15.Rxe6 Nd7
16.Be3 Nb6 17.Bxb6 axb6 18.Rae1 O-O-O 19.a4 Rd4 20.b3 Rhd8 21.R6e4 Kc7 22.Bd3 R4d5
23.Rg4 Rd4 24.Ree4 Rxe4 25.Rxe4 g5 26.Re3 h5 27.Rh3 h4 28.Re3 Kd6 29.Bf5 Bd4
30.Re6+ Kc5 31.f3 Bf6 32.Bd3 Rd4 33.Re4 Rxe4 34.Bxe4 b5 35.axb5 Kxb5 36.h3  1/2-1/2

[Event "Stockholm op2"]
[Site "Stockholm"]
[Date "1994.??.??"]
[Round "4"]
[White "Ferguson, Mark"]
[Black "Webster, Andrew"]
[Result "0-1"]
[WhiteElo "2290"]
[BlackElo "2395"]

1.e4 g6 2.d4 Bg7 3.Nc3 c6 4.Bc4 d6 5.Qf3 e6 6.Nge2 b5 7.Bb3 a5 8.a3 Ba6 9.Be3 Ne7
10.O-O Nd7 11.Rfd1 O-O 12.h4 d5 13.Ng3 h6 14.Nce2 b4 15.axb4 axb4 16.Bf4 dxe4
17.Qxe4 Nd5 18.Bd2 Re8 19.h5 g5 20.Qf3 N7f6 21.Ba4 Bc4 22.Ne4 Nxe4 23.Qxe4 f5
24.Qf3 g4 25.Qg3 Bxe2 26.Bxc6 Rc8  0-1

[Event "Stockholm op2"]
[Site "Stockholm"]
[Date "1994.??.??"]
[Round "9"]
[White "Turner, Matthew"]
[Black "Webster, Andrew"]
[Result "1/2-1/2"]
[WhiteElo "2395"]
[BlackElo "2395"]

1.e4 g6 2.d4 Bg7 3.Nc3 c6 4.f4 d5 5.e5 h5 6.Nf3 Bg4 7.Be2 e6 8.Be3 Nh6 9.h3 Nf5
10.Bf2 Bxf3 11.Bxf3 h4 12.Ne2 Bf8 13.O-O Be7 14.Qd2 Kf8  1/2-1/2

[Event "EUCup Gr2"]
[Site "Strasbourg"]
[Date "1994.??.??"]
[Round "?"]
[White "Blees, Albert"]
[Black "Reich, Thomas"]
[Result "0-1"]
[WhiteElo "2420"]
[BlackElo "2390"]

1.e4 g6 2.d4 Bg7 3.Nc3 c6 4.Nf3 d5 5.h3 Nf6 6.Bd3 dxe4 7.Nxe4 Nxe4 8.Bxe4 Bf5
9.Qd3 Bxe4 10.Qxe4 Qd5 11.Qe2 Nd7 12.O-O Qd6 13.Bg5 e6 14.Qe3 O-O 15.Bh6 Rfd8
16.Rad1 a5 17.Rd3 a4 18.h4 Qd5 19.b3 axb3 20.axb3 Ra2 21.c4 Qf5 22.Rfd1 Bxh6
23.Qxh6 Nf6 24.Qg5 Qxg5 25.hxg5 Ne4 26.Rf1 Rb2 27.Ne5 Nxg5 28.Ra1 f6 29.Ng4 Kg7
30.Ra7 Rd7 31.Re3 h5 32.f4 Ne4 33.Rxe4 hxg4 34.Kh2 Kf7 35.Re3 Rd2 36.Kg3 f5
37.Ra8 R2xd4 38.Re1 Rd2 39.Rh1 R7d3+ 40.Kh4 Rxg2 41.Kg5 Rh3 42.Rh8 Kg7 43.Rh6 Rxh1
44.Rxh1 g3 45.Rd1 Re2 46.Rd7+ Kf8 47.Kxg6 g2 48.Kf6 Ke8 49.Rg7 c5 50.Re7+ Kd8
51.Rg7 Kc8 52.Ke7 Kc7 53.Ke8+ Kc6 54.Kd8 b5 55.cxb5+ Kxb5 56.Ke7 Kc6 57.Kf6 Kd5  0-1

[Event "CZE-ch U16"]
[Site "Svetla"]
[Date "1994.??.??"]
[Round "?"]
[White "Babula, Pavel"]
[Black "Simacek, Pavel"]
[Result "1/2-1/2"]
[WhiteElo "2010"]
[BlackElo "2055"]

1.e4 g6 2.d4 Bg7 3.Nc3 c6 4.Be2 d5 5.e5 f6 6.f4 Nh6 7.Nf3 Bg4 8.h3 Bxf3 9.Bxf3 fxe5
10.fxe5 e6 11.h4 c5 12.Bg5 Qb6 13.Qd2 Nf5 14.Na4 Qc6 15.Nxc5 Bxe5 16.dxe5 Qxc5
17.O-O-O Nc6 18.h5 Nxe5 19.hxg6 Nxg6 20.Bf6 O-O 21.Bc3 Rf7 22.Bh5 d4 23.Bxg6 hxg6
24.Bxd4 Nxd4 25.Qxd4 Qxd4 26.Rxd4 Re8 27.Rdh4 Ree7 28.Kd1 g5  1/2-1/2

[Event "SVK-chT"]
[Site "?"]
[Date "1994.??.??"]
[Round "?"]
[White "Lanc, Alois"]
[Black "Petran, Peter"]
[Result "1/2-1/2"]
[WhiteElo "2445"]
[BlackElo "2435"]

1.e4 g6 2.d4 Bg7 3.Nc3 c6 4.f4 d5 5.e5 h5 6.Be3 Nh6 7.Nf3 Bg4 8.Be2 e6 9.h3 Bxf3
10.Bxf3 Nf5  1/2-1/2

[Event "SVK-chT"]
[Site "?"]
[Date "1994.??.??"]
[Round "?"]
[White "Bednar, Jaromir"]
[Black "Biro, Karol"]
[Result "0-1"]
[WhiteElo "2190"]
[BlackElo "2235"]

1.e4 g6 2.d4 Bg7 3.Nc3 c6 4.Nf3 d5 5.h3 h6 6.Bf4 dxe4 7.Nxe4 Nf6 8.Nxf6+ exf6
9.Bd3 O-O 10.O-O Qb6 11.Rb1 Na6 12.a3 Nc7 13.Qd2 Ne6 14.Bxh6 Nxd4 15.Nxd4 Qxd4
16.Rfe1 Qh4 17.Bf4 Be6 18.Bg3 Qh5 19.Qe2 Qxe2 20.Rxe2 Rfd8 21.Bxg6 Ba2 22.Ra1 Bc4
23.Bd3 Bxd3 24.cxd3 Rxd3 25.Re7 Rb3 26.Rd1 Bf8 27.Rc7 Bc5 28.Kh2 Rxb2 29.Rdd7 Rf8
30.Rxb7 Rxb7 31.Rxb7 Rc8 32.a4 Bd4 33.Rb4 c5 34.Rc4 Kf8 35.Bd6+ Ke8 36.Kg3 Kd7
37.Bf4 Ke6 38.Kf3 Kd5 39.Rc2 c4 40.h4 c3 41.h5 Kc4 42.Ke2 Re8+ 43.Kd1 f5
44.h6 Kd3 45.g3 Re7 46.f3 Rb7 47.h7 Rb2 48.Rc1 Rh2  0-1

[Event "SWZ-chT"]
[Site "SWZ"]
[Date "1994.??.??"]
[Round "2"]
[White "Pytel, Martin"]
[Black "Denoth, Mario"]
[Result "1/2-1/2"]
[WhiteElo "2215"]
[BlackElo "2220"]

1.e4 g6 2.d4 Bg7 3.Nc3 c6 4.f4 d5 5.e5 Nh6 6.Nf3 O-O 7.Be2 Bg4 8.Be3 f6 9.h3 Bxf3
10.Bxf3 Nf5 11.Bf2 fxe5 12.fxe5 e6 13.O-O Nd7 14.Ne2 Qe7 15.c4 Nb6 16.cxd5 cxd5
17.Qd3 Rac8 18.Nc3 a6 19.g4 Nh6 20.Be2 Nf7 21.h4 Nd8 22.Rac1 Nc6 23.b3 Rf7
24.Bg3 Rxf1+ 25.Bxf1 Qb4 26.Ne2 Nd8 27.Rxc8 Nxc8 28.g5 Ne7 29.Bh3 Qb6 30.Bf2 Qc6
31.Qd2 Nf5 32.Bxf5 exf5 33.Nf4 Ne6 34.Be3 Nxf4 35.Bxf4 Bf8 36.Kf2 Kf7 37.Be3 b6
38.Bf4 a5 39.Qd3 Ke6 40.Bd2 Be7 41.Ke2  1/2-1/2

[Event "SWZ-chT"]
[Site "SWZ"]
[Date "1994.??.??"]
[Round "3"]
[White "Rodel, W."]
[Black "Denoth, Mario"]
[Result "1/2-1/2"]
[WhiteElo "2050"]
[BlackElo "2220"]

1.e4 g6 2.d4 Bg7 3.Nc3 c6 4.Nf3 d6 5.Be2 Nf6 6.O-O O-O 7.Re1 Nbd7 8.Bf1 e5
9.h3 Qc7 10.a4 Re8 11.dxe5 dxe5 12.Be3 Nh5 13.Qd2 Nf4 14.g3 Ne6 15.Rad1 a5
16.Kg2 Bf8 17.Bc4 Ndc5 18.Ng5 Nxg5 19.Bxg5 Be6 20.Bxe6 Nxe6 21.Be3 Rad8 22.Qc1 Nd4
23.Ne2 Ne6 24.c3 Nc5 25.Qc2 Rxd1 26.Rxd1 Rd8 27.Rxd8 Qxd8 28.Nc1 Qd7 29.f3 Kg7
30.b3 f6 31.Qd2 Qxd2+ 32.Bxd2 b5 33.Be3 Kf7 34.Kf1 Ke6 35.Ke2 f5 36.Bxc5 Bxc5
37.Nd3 Bd6 38.c4 fxe4 39.fxe4 b4 40.Ke3 h5 41.Kf3 Be7 42.Ke2 Bd6 43.Kf3 Be7
44.Ke2  1/2-1/2

[Event "ISR-ch"]
[Site "Tel Aviv"]
[Date "1994.??.??"]
[Round "5"]
[White "Zak, Uriel"]
[Black "Finkel, Alexander"]
[Result "1/2-1/2"]
[WhiteElo "2370"]
[BlackElo "2465"]

1.e4 g6 2.d4 Bg7 3.Nc3 c6 4.Nf3 d5 5.h3 dxe4 6.Nxe4 Nd7 7.Bd3 Ngf6 8.Nxf6+ Nxf6
9.O-O O-O 10.Re1 Qc7 11.Qe2 Re8 12.Bg5 b6 13.Rad1 Bb7 14.Ba6 Rad8 15.Bxb7 Qxb7
16.Qc4 e6 17.Ne5 Rd6 18.Qe2 Nd7 19.Bf4 Nxe5 20.dxe5 Rdd8 21.h4 h6 22.Qe3 Kh7
23.Rd3 Rd7 24.Red1 Red8 25.Qe4 h5 26.c4 Kg8 27.g3 Kf8 28.Kg2 Ke8 29.Kf3 b5
30.b3 Rxd3+ 31.Rxd3 Rxd3+ 32.Qxd3 Qd7 33.Qxd7+ Kxd7 34.c5 Bf8 35.Be3 Be7
36.Ke4 Ke8 37.Kf4 Kf8 38.Ke4 Kg7 39.f3 Bd8 40.b4 a5 41.a3 a4 42.Bg5  1/2-1/2

[Event "ISR-ch"]
[Site "Tel Aviv"]
[Date "1994.??.??"]
[Round "7"]
[White "Gruenfeld, Yehuda"]
[Black "Finkel, Alexander"]
[Result "1-0"]
[WhiteElo "2550"]
[BlackElo "2465"]

1.e4 g6 2.d4 Bg7 3.Nc3 c6 4.f4 d5 5.e5 Nh6 6.Nf3 Bg4 7.Be3 O-O 8.h3 Bxf3
9.Qxf3 f6 10.exf6 exf6 11.g4 f5 12.O-O-O Nd7 13.Bd3 Nb6 14.g5 Nf7 15.h4 Nd6
16.h5 Kf7 17.Ne2 a5 18.Ng3 Qd7 19.Kb1 Nbc4 20.Bc1 b5 21.b3 a4 22.hxg6+ hxg6
23.bxc4 bxc4 24.Be2 Qb7+ 25.Ka1 a3 26.Rh7 Rfb8 27.Bxa3 Qa7 28.Nh5 Ne8 29.Nxg7 Nxg7
30.Bxc4 Kg8 31.Rh3  1-0

[Event "Timisoara"]
[Site "Timisoara"]
[Date "1994.??.??"]
[Round "3"]
[White "Vajda, Albert"]
[Black "Mozes, Ervin"]
[Result "0-1"]
[WhiteElo "2335"]
[BlackElo "2410"]

1.e4 c6 2.d4 g6 3.Nc3 Bg7 4.a4 Nf6 5.Nf3 O-O 6.Be2 d5 7.e5 Ne4 8.O-O c5 9.Bd3 Bf5
10.dxc5 Nc6 11.Bf4 Nxc3 12.bxc3 Bg4 13.Re1 Qa5 14.h3 Bxf3 15.Qxf3 Qxc5 16.Rab1 b6
17.Ba6 e6 18.c4 Nb4 19.Bd2 Qe7 20.Bg5 Qc5 21.Be3 Qa5 22.Bd2 Qxa6 23.Bxb4 Rfd8
24.cxd5 Rxd5 25.Bd6 Rc8 26.Qb3 Qc4 27.Red1 Rxd1+ 28.Rxd1 h5 29.Qxc4 Rxc4
30.a5 bxa5 31.Ra1 a4 32.Ra2 f6 33.exf6 Bxf6 34.Kf1 Kf7 35.Ke2 a6 36.f4 Be7
37.Be5 a3 38.Kd3 Rc8 39.c4 a5 40.Kc3 Rd8 41.Kb3 Bb4 42.Ka4 Rc8 43.Rc2 Ke7
44.Kb3 Kd7 45.Re2 Rc6 46.Rc2 Rb6 47.Ka4 Kc6 48.Bd4 Rb7 49.Re2 Kd6 50.Re5 Kd7
51.Re2 Bd6 52.Kxa5 Bxf4 53.Rc2 Rb1 54.Ka4 e5 55.Bc3 Rc1 56.Kb3 Rxc2 57.Kxc2 e4
58.Kb3 e3 59.Be1 Bd6 60.g4 hxg4 61.hxg4 Ke6 62.Kc2 Bh2 63.Kc1 Ke5  0-1

[Event "Timisoara (Women)"]
[Site "Timisoara"]
[Date "1994.??.??"]
[Round "5"]
[White "Cosma, Elena Luminita"]
[Black "Safranska, Anda"]
[Result "1-0"]
[WhiteElo "2320"]
[BlackElo "2305"]

1.e4 g6 2.d4 c6 3.Nc3 Bg7 4.Bc4 d6 5.Qf3 e6 6.Nge2 d5 7.Bb3 Ne7 8.Bg5 Nd7
9.O-O h6 10.Bf4 O-O 11.Rad1 g5 12.Bd6 f5 13.exd5 exd5 14.Ng3 Nb6 15.Bc5 Rf7
16.Rfe1 f4 17.Nh5 Bf5 18.Nxg7 Kxg7 19.Bxe7 Rxe7 20.g3 Rf7 21.g4 Bg6 22.Re6 Nd7
23.Rde1 Qb6 24.Nxd5 Qxd4 25.Nc7 Ne5 26.R6xe5 Rxc7 27.c3 Qd2 28.R1e2 Qd7 29.Kg2 Rf8
30.Be6 Qd8 31.c4 Kh7 32.Re1 Qd4 33.b3 Re7 34.Bg8+ Kxg8 35.Rxe7 Rf7 36.Rxf7 Kxf7
37.Qe2 Qd7 38.f3 h5 39.h3 h4 40.Rd1 Qe7 41.Qxe7+ Kxe7 42.c5 Bf7 43.Rd6 Be6
44.Kf2 Bf7 45.Ke2 Be6 46.Kd3 Bd5 47.Rxd5 cxd5 48.Kd4 Ke6 49.b4 b6 50.cxb6 axb6
51.a4  1-0

[Event "Timisoara (Women)"]
[Site "Timisoara"]
[Date "1994.??.??"]
[Round "9"]
[White "Repkova Eid, Eva"]
[Black "Safranska, Anda"]
[Result "1/2-1/2"]
[WhiteElo "2265"]
[BlackElo "2305"]

1.e4 g6 2.d4 c6 3.Nc3 Bg7 4.f4 d5 5.e5 Nh6 6.Be2 f6 7.Nf3 O-O 8.Be3 Nf5 9.Bf2 fxe5
10.Nxe5 Nd7 11.g4 Nd6 12.Qd2 Qc7 13.h4 Nf7 14.Nxd7 Bxd7 15.h5 Qd6 16.Be3 b6
17.O-O-O Rfd8 18.hxg6 hxg6 19.Bf3 e6 20.Qh2 Kf8 21.Qh7 c5 22.dxc5 Qc7 23.Qxg6 Nh8
24.Rxh8+ Bxh8 25.f5 Be8 26.Qxe6 Bf7 27.Bh6+ Kg8 28.Qe3 Qe5 29.Qg5+ Bg7 30.c6 Rac8
31.c7 Rd7 32.Bxg7 Qxg7 33.Qxg7+ Kxg7 34.Nb5 a6 35.Nd4 Rdxc7 36.g5 Rh8 37.c3 b5
38.Be2 b4 39.Kd2 Rh2 40.cxb4 Rc4 41.Ke3 Rxb4 42.b3 Rh3+ 43.Kf2 a5 44.Kg2 Re3
45.Bf3 Rc3 46.a4 Rb8 47.Re1 Rd3 48.Nb5  1/2-1/2

[Event "Timisoara (Women)"]
[Site "Timisoara"]
[Date "1994.??.??"]
[Round "11"]
[White "Gaponenko, Inna"]
[Black "Safranska, Anda"]
[Result "0-1"]
[WhiteElo "2315"]
[BlackElo "2305"]

1.e4 g6 2.d4 c6 3.Nc3 Bg7 4.Bc4 d6 5.Qf3 e6 6.Nge2 Ne7 7.O-O O-O 8.Bg5 b5
9.Bb3 a5 10.a3 f6 11.Bd2 d5 12.Nf4 Kh8 13.exd5 exd5 14.Nce2 Na6 15.Rfe1 Nc7
16.a4 b4 17.c3 bxc3 18.Qxc3 Qd6 19.Nd3 g5 20.Ng3 Ne6 21.Rac1 Ra7 22.Bd1 Kg8
23.Nc5 Nd8 24.Nb3 Nb7 25.Rxe7 Qxe7 26.Qxc6 Be6 27.Bf3 Nd8 28.Qb5 Rb7 29.Qd3 g4
30.Bd1 Nf7 31.Nc5 Rxb2 32.Bb3 Rxd2 33.Qxd2 Bh6 34.Qe2 Bxc1 35.Nxe6 Re8 36.Qxg4+ Ng5
37.Bxd5 Kh8 38.Nxg5 Qe1+ 39.Nf1 Bxg5 40.h4 Bd2 41.h5 Qxf1+ 42.Kh2 Qxf2 43.Bf3  0-1

[Event "SVK-ch"]
[Site "Topolcianky"]
[Date "1994.??.??"]
[Round "7"]
[White "Lipka, Juraj"]
[Black "Petran, Peter"]
[Result "1/2-1/2"]
[WhiteElo "2365"]
[BlackElo "2410"]

1.e4 c6 2.d4 g6 3.Nc3 Bg7 4.Nf3 d5 5.h3 b5 6.a3 dxe4 7.Nxe4 Nf6 8.Nxf6+ exf6
9.Be2 Be6 10.Be3 Nd7 11.Qd2 h5 12.a4 a6 13.a5 Rc8 14.O-O O-O 15.Ne1 Re8 16.Nd3 Bc4
17.Rfd1 f5 18.Bf3 Bxd3 19.Qxd3 Nf6 20.Bg5 Qd6 21.Qa3 b4 22.Qd3 Ra8 23.Bxf6 Bxf6
24.Qc4 Rec8 25.Ra4  1/2-1/2

[Event "Val Thorens Principal"]
[Site "Val Thorens"]
[Date "1994.??.??"]
[Round "4"]
[White "Sereno, Philippe"]
[Black "Lagunes, Jean Renaud"]
[Result "0-1"]
[WhiteElo "1950"]
[BlackElo "2175"]

1.e4 g6 2.d4 Bg7 3.Nc3 c6 4.f4 d5 5.e5 h5 6.Bd3 Nh6 7.Nge2 Bf5 8.Be3 e6 9.Qd2 Nd7
10.Nd1 Bxd3 11.Qxd3 b6 12.c4 Rc8 13.Rc1 O-O 14.O-O Qe7 15.cxd5 cxd5 16.Nf2 Nf5
17.Bd2 Nb8 18.a3 Qd7 19.g4 hxg4 20.Nxg4 Rxc1 21.Rxc1 Rc8 22.Bc3 Qd8 23.Qh3 Nc6
24.Rd1 Qh4 25.Qxh4 Nxh4 26.Ne3 Ne7 27.Kf2 Nhf5 28.Nc2 Bh6 29.Rd3 Nc6 30.b4 a5
31.Bd2 Nxe5 32.fxe5 Rxc2 33.Bxh6 Nxh6 34.bxa5 bxa5 35.Kf3 Nf5 36.h3 Kg7 37.Nf4 a4
38.Ne2 g5 39.Kf2 Kg6 40.Ke1 Rc4 41.Kd2 f6 42.exf6 Kxf6 43.Rf3 Kg6 44.Kd3 Nxd4
45.Re3 Nb5 46.Rxe6+ Kf5 47.Re8 Rh4 48.Re3 Nxa3 49.Nc3 Nc4 50.Rg3 Nb6 51.Kc2 Rc4
52.Kd3 Rb4 53.Kc2 a3 54.Rf3+ Ke5 55.Re3+ Kd4 56.Rd3+ Kc4 57.Rg3 Rb2+ 58.Kc1 Rb3
59.Kc2 d4 60.Ne4 Rxg3 61.Nxg3 Na4 62.Ne4 d3+ 63.Kb1  0-1

[Event "Val Thorens Principal"]
[Site "Val Thorens"]
[Date "1994.??.??"]
[Round "5"]
[White "Agnos, Demetrios"]
[Black "Carlier, Bruno"]
[Result "1-0"]
[WhiteElo "2425"]
[BlackElo "2365"]

1.d4 g6 2.e4 Bg7 3.Nc3 c6 4.Nf3 d5 5.h3 Nf6 6.e5 Ne4 7.Nxe4 dxe4 8.Ng5 c5
9.e6 fxe6 10.dxc5 Qa5+ 11.c3 Qxc5 12.Nxe4 Qd5 13.Bd3 O-O 14.Qe2 Nc6 15.Bc4 Qa5
16.O-O Ne5 17.Bb3 Nf7 18.Bf4 Bd7 19.Rfd1 Bc8 20.Qe3 e5 21.Bg5 Qc7 22.Qc5 Qxc5
23.Nxc5 e6 24.Nxe6  1-0

[Event "Val Thorens Principal"]
[Site "Val Thorens"]
[Date "1994.??.??"]
[Round "6"]
[White "Belkhodja, Slim"]
[Black "Lagunes, Jean Renaud"]
[Result "1-0"]
[WhiteElo "2380"]
[BlackElo "2175"]

1.e4 g6 2.d4 Bg7 3.Nc3 c6 4.f4 d5 5.e5 h5 6.Nf3 Bg4 7.Bd3 e6 8.h3 Bxf3 9.Qxf3 Ne7
10.g4 Qd7 11.Be3 Na6 12.Bxa6 bxa6 13.Na4 Qb7 14.b3 Qb5 15.c3 Qa5 16.Kd2 O-O-O
17.Bf2 Kc7 18.Bh4 Bf8 19.Qd3 hxg4 20.hxg4 Qb5 21.Bf6 Rxh1 22.Rxh1 Qa5 23.Rh7 c5
24.Rxf7 c4 25.Bxe7 Rd7 26.Qxg6 cxb3 27.Bd8+ Kxd8 28.Rxf8+ Kc7 29.Qe8 Kc6  1-0

[Event "Val Thorens Principal"]
[Site "Val Thorens"]
[Date "1994.??.??"]
[Round "8"]
[White "Agnos, Demetrios"]
[Black "Komliakov, Viktor"]
[Result "1/2-1/2"]
[WhiteElo "2425"]
[BlackElo "2455"]

1.e4 g6 2.d4 Bg7 3.Nc3 c6 4.Nf3 d5 5.h3 Nf6 6.e5 Ne4 7.Nxe4 dxe4 8.Ng5 c5
9.e6 Bxe6 10.Nxe6 fxe6 11.dxc5 Qxd1+ 12.Kxd1 O-O 13.Bc4 Rxf2 14.Bxe6+ Kh8
15.Bd5 Nc6 16.Be3 Rxg2 17.Bxe4 Rd8+ 18.Ke1 Bxb2 19.Rb1 Bc3+ 20.Kf1 Rg3 21.Kf2 Be5
22.Rxb7 Rf8+ 23.Ke2 Nd4+ 24.Kd2 Rd8 25.Bxd4 Rxd4+ 26.Bd3 Rd5 27.c6 Rc5 28.Rxe7  1/2-1/2

[Event "Werfen op"]
[Site "Werfen"]
[Date "1994.??.??"]
[Round "?"]
[White "Bibik, Jura"]
[Black "Koenig, Dietrich"]
[Result "0-1"]
[WhiteElo "2230"]
[BlackElo "2255"]

1.e4 g6 2.d4 Bg7 3.Nc3 c6 4.Nf3 d6 5.Be2 Nd7 6.a4 Qc7 7.O-O Ngf6 8.a5 O-O
9.h3 Rb8 10.Be3 b5 11.axb6 axb6 12.Nd2 b5 13.f4 b4 14.Na4 c5 15.c3 Bb7 16.Bf3 bxc3
17.bxc3 cxd4 18.cxd4 Rfc8 19.Re1 e6 20.Rc1 Qa5 21.Ra1 Ra8 22.Qb3 Bc6 23.Nc3 Qxa1
24.Rxa1 Rxa1+ 25.Kh2 Raa8 26.d5 exd5 27.Nxd5 Bxd5 28.exd5 Rab8 29.Qa4 Nc5
30.Qa7 Nfd7 31.Qa2 Ra8 32.Qb1 Rcb8 33.Qd1 Re8 34.Qg1 Ra1 35.Qf2 Bh6 36.Nc4 Nd3
37.Qh4 Bf8 38.Nd2 Rxe3  0-1

[Event "Wiesbaden op"]
[Site "Wiesbaden"]
[Date "1994.??.??"]
[Round "5"]
[White "Schmitzer, Klaus"]
[Black "Blum, Gernot"]
[Result "1-0"]
[WhiteElo "2330"]
[BlackElo "2200"]

1.e4 g6 2.d4 Bg7 3.Nc3 c6 4.Bc4 b5 5.Bb3 b4 6.Nce2 Nf6 7.e5 Nd5 8.Nf3 O-O
9.O-O d6 10.h3 Bb7 11.exd6 Qxd6 12.c4 bxc3 13.bxc3 Qd8 14.Rb1 Bc8 15.c4 Bf5
16.Bc2 Bxc2 17.Qxc2 Nf6 18.Rb7 Nbd7 19.Ba3 Re8 20.Rfb1 e5 21.Qa4 exd4 22.Nexd4 Nb6
23.Qa6 Ne4 24.Nxc6 Qd3 25.Rf1 Nxc4 26.Bb4 Ne5 27.Ne7+ Kh8 28.Nxe5 Qxa6 29.Nxf7+  1-0

[Event "Wiesbaden op"]
[Site "Wiesbaden"]
[Date "1994.??.??"]
[Round "6"]
[White "Lampe, Dirk"]
[Black "Weber, Ulrich"]
[Result "1-0"]
[WhiteElo "2250"]
[BlackElo "2305"]

1.e4 g6 2.d4 Bg7 3.Nc3 c6 4.Nf3 d5 5.h3 Nf6 6.e5 Ne4 7.Nxe4 dxe4 8.Ng5 c5
9.Bc4 O-O 10.c3 cxd4 11.cxd4 b5 12.Bb3 Bb7 13.h4 h6 14.Nh3 Nc6 15.Be3 Nb4
16.Qd2 Nd3+ 17.Kf1 Bd5 18.Bd1 f6 19.Bxh6 fxe5 20.Bxg7 Kxg7 21.Be2 Bc4 22.Bxd3 Qxd4
23.Kg1 exd3 24.Ng5 Qf4 25.Rd1 Bxa2 26.Qxf4 exf4 27.Rxd3 Rfd8 28.Rhh3 Bc4
29.Rc3 Rd1+ 30.Kh2 Rd2 31.b3 Bd5 32.Rhd3 Rxd3 33.Rxd3 e6 34.Nh3 Rf8 35.b4 Kh6
36.Rd4 f3 37.g4 Rc8 38.Nf4 Rc4 39.Rxc4 Bxc4 40.Kg3 e5 41.Nh3 Be2 42.Ng5 a5
43.bxa5 b4 44.Nf7+ Kg7 45.Nxe5 Kf6 46.Nd7+ Ke6 47.Nc5+ Kd5 48.Na4 Bb5 49.Nb2 Ke4
50.h5 gxh5 51.gxh5 Kf5 52.Kxf3 Kg5 53.Ke4 Kxh5 54.Kd4 Ba6 55.Kc5 b3 56.Kb4 Kg4
57.Kxb3 Kf3 58.Kb4 Kxf2 59.Nc4 Kf3 60.Nd6 Kf4 61.Kc5 Ke5 62.Nb5 Bb7 63.Kb6 Bg2
64.a6 Bh1 65.Kc7 Ba8 66.Nd6 Kd5 67.Nb7  1-0